| 000 -LEADER |
| fixed length control field |
01542nam a22002417a 4500 |
| 003 - CONTROL NUMBER IDENTIFIER |
| control field |
OSt |
| 005 - DATE AND TIME OF LATEST TRANSACTION |
| control field |
20181129094244.0 |
| 008 - FIXED-LENGTH DATA ELEMENTS--GENERAL INFORMATION |
| fixed length control field |
180305b xxu||||| |||| 00| 0 spa d |
| 020 ## - INTERNATIONAL STANDARD BOOK NUMBER |
| International Standard Book Number |
9502107357 |
| 040 ## - CATALOGING SOURCE |
| Transcribing agency |
PJ |
| 100 ## - ASIENTO PRINCIPAL - NOMBRE DE PERSONA |
| 9 (RLIN) |
55 |
| Personal name |
Diez, Manuel María |
| 245 ## - MENCIÓN DE TÍTULO |
| Título propiamente dicho |
Manual de derecho administrativo / |
| Mención de responsabilidad, etc |
Manuel María Diez, con la colaboración de Tomás Hutchinson. |
| 250 ## - EDITION STATEMENT |
| Edition statement |
7a. ed. |
| 260 ## - PUBLICATION, DISTRIBUTION, ETC. (IMPRINT) |
| Place of publication, distribution, etc |
Buenos Aires : |
| Name of publisher, distributor, etc |
Plus Ultra, |
| Date of publication, distribution, etc |
1994. |
| 300 ## - DESCRIPCION FISICA |
| Extent |
2 v. |
| 500 ## - NOTA GENERAL |
| General note |
Notas y citas a pie de página.<br/> |
| 505 ## - FORMATTED CONTENTS NOTE |
| Formatted contents note |
Contenido:<br/><br/>v. 1: Introducción -- El Estado y sus funciones -- La administración pública -- El derecho administrativo. Su cosificación. Método. Ciencia de la administración -- Relaciones del derecho administrativo -- Fuentes del derecho administrativo -- Organización administrativa -- Los sujetos en el derecho administrativo -- Organización administrativa argentina -- Delos hechos y actos administrativos -- Clasificación de los actos administrativos -- La formación del acto administrativo -- Elementos del acto administrativo -- Carácteres del acto administrativo -- Nulidad de los actos administrativos -- Los vicios del acto administrativo -- Del saneamiento y de la conversión de los actos administrativos -- De la extinción de los actos administrativos -- <br/><br/>v. 2: |
| 650 #0 - ASIENTO SECUNDARIO DE MATERIA - TERMINO TEMATICO |
| Topical term or geographic name as entry element |
DERECHO ADMINISTRATIVO |
| 9 (RLIN) |
211 |
| 650 #0 - ASIENTO SECUNDARIO DE MATERIA - TERMINO TEMATICO |
| Topical term or geographic name as entry element |
ACTO ADMINISTRATIVO |
| 9 (RLIN) |
1171 |
| 650 #0 - ASIENTO SECUNDARIO DE MATERIA - TERMINO TEMATICO |
| Topical term or geographic name as entry element |
PROCEDIMIENTO ADMINISTRATIVO |
| 9 (RLIN) |
1135 |
| 700 ## - ADDED ENTRY--PERSONAL NAME |
| 9 (RLIN) |
71 |
| Personal name |
Hutchinson, Tomás |
| Relator term |
colaborador |
| 942 ## - ADDED ENTRY ELEMENTS (KOHA) |
| Source of classification or shelving scheme |
|
| Koha item type |
Libros |
| Classification part |
342.9 |
| Item part |
DIE |